| 000 | 00391nam a22001457a 4500 | ||
|---|---|---|---|
| 020 | _qHB. | ||
| 040 | _cFIZZA ISHAQ | ||
| 082 |
_a658.404 _bJAC |
||
| 100 |
_aGido, Jack . _9132186 |
||
| 245 |
_aSuccessful Project Management / _cJack Gido. |
||
| 250 | _a3RD ED. | ||
| 260 |
_aNEW YORK: _b Thomson/South-Western, _c1998. |
||
| 300 |
_a462 P. ; _c 8.10 x 9.90 x 1.00 inch |
||
| 942 |
_2ddc _cBK |
||
| 999 |
_c615456 _d615456 |
||